000 00337nam a2200133Ia 4500
005 20260328101441.0
008 260328s9999||||xx |||||||||||||| ||und||
100 _aLoewy, Raymond
245 0 _aIndustrial Design :
_b Raymond Loewy /
_cRaymond Loewy
260 _bOverlook
300 _a250 p.
650 _aDISEÑO INDUSTRIAL
942 _cBK
999 _c8280
_d8280